Statistics for Top 15 Countries with Covid-19 Deaths - 10 May 2021

Click here to take the quiz!

General Stats

  • This quiz has been taken 19 times
  • The average score is 13 of 24

Answer Stats

country% Correct
France
100%
United Kingdom
100%
Germany
94%
United States
94%
Italy
89%
Brazil
83%
India
83%
Russia
78%
Mexico
72%
Spain
67%
Argentina
61%
Colombia
56%
Belgium
50%
Iran
50%
Poland
44%
Bulgaria
33%
Peru
33%
Hungary
28%
Czechia
22%
Slovakia
22%
Slovenia
22%
Croatia
17%
North Macedonia
17%
Bosnia and
Herzegovina
11%

Score Distribution

Percentile by Number Answered

Percent of People with Each Score

Your Score History

You have not taken this quiz